Soccer Players by Hair - Statistics

General Stats
  • This quiz has been taken 343 times
  • The average score is 9 of 12
Answer Stats
Picture Answer % Correct
Erling Haaland
97%
Neymar
95%
Kylian Mbappe
93%
Harry Kane
91%
Kevin De Bruyne
91%
Luka Modric
91%
N'golo Kante
88%
Lionel Messi
85%
Cristiano Ronaldo
65%
Karim Benzema
62%
Manuel Neuer
56%
Di Maria
5%
No matching quizzes found
Score Distribution
Percent of People with Each Score
Percentile by Number Answered
Your Score History
You have not taken this quiz